000 00545nam a22001697a 4500
003 OSt
005 20201016133903.0
008 201007b 2006 00| 0 eng d
040 _aDO-SdBNP
_bspa
_cBNPHU
100 1 _aJiménez M., Anastacio,
_d1941-
_976791
245 1 0 _aCircustancia del amor /
_cAnastacio Jiménez M.
260 _aSanto Domingo :
_bEdiciones Sociedarte,
_bDrapey,
_c2006.
300 _a98 p.
_c21 cm.
500 _aPoemas
500 _aIncluye datos biográficos del autor en la solapa de la contracubierta.
942 _2ddc
_cLF1
999 _c48835
_d48835